000
00510nam a2200181Ia 4500
008
090123s9999 xx 000 0 und d
082
_b
25695
100
_a
धामणकर पी.
245
_a
जिव्हाळा
250
_a
0
260
_b
स्वप्नगंधा प्रकाशन
300
_a
120
600
_a
धामणकर पी.
630
_a
जिव्हाळा
700
_a
धामणकर पी.
730
_a
जिव्हाळा
942
_c
BOOK
999
_c
63766
_d
63766